| 000 | 00574nam a2200193 a 4500 | ||
|---|---|---|---|
| 005 | 20210223123343.0 | ||
| 008 | 991125s1976 mad 000 0 spa u | ||
| 020 | _a8420616206 | ||
| 035 | _aUPN01000052085 | ||
| 049 | _aCG | ||
| 050 | 4 |
_aB1649 R94 _bR9.38 |
|
| 100 | 1 |
_aRussell, Bertrand Arthur William, _d1872-1970 |
|
| 245 | 1 | 0 |
_aRetratos de memoria y otros ensayos / _cBertrand Russell ; tr. Manuel Suárez. |
| 260 |
_aMadrid : _bAlianza, _c1976. |
||
| 300 | _a254 p. | ||
| 440 | 3 |
_aEl libro de bolsillo ; _v620 |
|
| 650 | 4 |
_aFILOSOFIA INGLESA _917736 |
|
| 905 | _aLibro | ||
| 999 |
_c52085 _d52085 |
||